000 00641nam a2200205Ia 4500
003 GCL
008 140319s9999 xx 000 0 ara d
040 _aGCL /
_cGCL
082 0 4 _a133.4
_bا س
100 1 _aالسيد الجميلى
245 1 0 _aالسحر وتحضير الارواح بين البدع والحقائق /
_cالسيد الجميلى
260 _aالقاهرة :
_bدار اسامة للنشر والتوزيع
300 _a143 ص ؛
_c23 سم
490 _a
650 0 4 _aالشياطين والجان
650 0 4 _aالسحر
650 0 4 _aالجن
650 0 4 _aتحضير الارواح
942 _2ddc
_cBK
999 _c38246
_d38246